Statistics for qwertyuiopasdfghjklzxcvbnm1234567890

Click here to take the quiz!

General Stats

  • This quiz has been taken 19 times
  • The average score is 29 of 36

Answer Stats

Answer% Correct
a
100%
d
100%
e
100%
f
100%
h
100%
i
100%
j
100%
o
100%
p
100%
q
100%
r
100%
s
100%
t
100%
u
100%
w
100%
y
100%
g
82%
k
82%
l
82%
z
82%
1
73%
2
64%
3
64%
b
64%
c
64%
m
64%
n
64%
v
64%
x
64%
4
55%
5
55%
6
55%
7
55%
0
45%
8
45%
9
45%

Score Distribution

Percentile by Number Answered

Percent of People with Each Score

Your Score History

You have not taken this quiz